The SAGE encyclopedia of terrorism

Guardat en:
Dades bibliogràfiques
Autor principal: edited by Gus Martin
Format: Llibre
Idioma:anglès
Publicat: Sage 2011
Etiquetes: Afegir etiqueta
Sense etiquetes, Sigues el primer a etiquetar aquest registre!

MARC

LEADER 00000nam a22000007a 4500
008 201215b ||||| |||| 00| 0 eng d
020 |a HV6431 .Sa1 
100 |a edited by Gus Martin 
245 |a The SAGE encyclopedia of terrorism  |c edited by Gus Martin.  |g xxv, 689p.; ill. 
250 |b 2nd ed. 
260 |b Sage  |c 2011  |h Los Angeles  |i 690293  |l HV6431 .Sa1  |m Terrorism – Encyclopedias  |m Terrorism – United States – Encyclopedias 
500 |a It includes bibliographical references and index 
942 |a lcc  |c BK  |e Kuteyi, M. A.  |f 15/12/2020 
952 |0 0  |1 0  |2 lcc  |4 0  |6 HV6431 S A1  |7 0  |9 488  |a HOL  |b HOL  |d 2020-12-15  |l 0  |o HV6431 .Sa1  |r 2020-12-15 00:00:00  |w 2020-12-15  |y BK 
999 |c 253  |d 253